Responses for Show #7308 - Wednesday, May 25, 2016

Buzzy Cohen game 8.

Contestants

[<< previous game]

Sarah Trowbridge, a librarian from Atlanta, Georgia

Ted Reinhold, a transportation planner from Arlington, Virginia

Buzzy Cohen, a music executive from Los Angeles, California (whose 7-day cash winnings total $133,402)

[next game >>]

Jeopardy! Round responses

GOVERNMENTAL BEFORE & AFTER
A HARRY POTTER BESTIARY
HAWAIIAN HISTORY
PARTS OF SPEECH
SINGERS' REAL NAMES
THE OLD MAN & THE "C"
    $200 5
Secretary of the State of the Union

Ted
    $200 14
Hedwig

Ted
    $200 26
surfing

Buzzy
    $200 20
(Alex: Yes, that's why I read it.)
[Laughter]

articles

Buzzy
    $200 1
Lady Gaga

Buzzy
    $200 15
crutches

Buzzy
    $400 6
Chief Justice League

Buzzy
    $400 11
Ron Weasley

Ted
    $400 27
Pearl Harbor

Buzzy
    $400 17
a conjunction

Buzzy
    $400 2
Bruno Mars

Triple Stumper
    $400 22
caddying (or caddie)

Ted
    $600 7
the White House of Commons

Buzzy
    $600 10
dragons

Sarah
    $600 28
(Ted: Who is... Kodak?)

Edison

BuzzyTed
    $600 18
a pronoun

Buzzy
    $600 3
(Buzzy: Who is Ace Frehley?)

Gene Simmons

BuzzyTed
    $600 23
crossword puzzles

Sarah
    $800 8
the Cold War of the Worlds

Ted
    $800 12
Fluffy

Ted
    $2,000 29
(James) Dole

Buzzy
    $800 19
an adverb

Sarah
    $800 4
Pitbull

Buzzy
    $800 24
a corkscrew

Ted
    $1000 9
Roll Call of the Wild

Triple Stumper
    $1000 13
(Sarah: What is a griffin?)

a hippogriff

TedSarah
    $1000 30
Queen Lili'uokalani

Triple Stumper
    $1000 21
interjections

Sarah
    $1000 16
Alice Cooper

Sarah
    $1000 25
Crestor

Sarah

Scores at the first commercial break (after clue 15):

Buzzy Ted Sarah
$1,600 $4,000 -$400

Scores at the end of the Jeopardy! Round:

Buzzy Ted Sarah
$6,000 $4,600 $4,000

Double Jeopardy! Round responses

IT BELONGS TO THE BRITISH
ASTRONOMY
THE RAZZIE FOR WORST ACTOR
THE COLLEGE'S ALUMNI
AT HOME WITH ADAM & EVE
TURN UP THE A_C
(Alex: Each correct response will begin with an "A" and end with the letter C.)
    $400 3
the Falklands

Buzzy
    $400 2
Mercury

Ted
    $400 10
(Ben) Affleck

Buzzy
    $400 14
the University of Minnesota

Ted
    $400 5
an attic

Ted
    $800 1
Gibraltar

Buzzy
    $800 4
(Buzzy: What is Orion?)

Sagittarius

BuzzySarah
    $800 18
Pauly Shore

Triple Stumper
    $800 19
MIT

Ted
    $800 6
acoustic

Buzzy
    $1200 21
Bermuda

Buzzy
    $1200 11
(Sarah: What is apogee?)
...
(Alex: You had a choice, Sarah. You picked the wrong one.)

zenith

Sarah
Triple Stumper
    $1200 20
(Ted: What is An Inconvenient Truth?)

Fahrenheit 9/11

Ted
Triple Stumper
    $1200 15
Duke University

Ted
    $1200 26
a fig leaf

Buzzy
    $1200 7
arsenic

Buzzy
    $1600 22
Pitcairn

Sarah
    $1600 12
Titan

Buzzy
    $1600 25
(Buzzy: What is The Guru?)

The Love Guru

BuzzyTed
    $3,000 16
(Ted: What is the University of Arizona?)

the U.S. Naval Academy at Annapolis

Ted
    $1600 27
the mark of Cain

Buzzy
    $1600 8
(Sarah: What is acrostic?)

alphanumeric

Sarah
Triple Stumper
    $2,000 23
(Alex: Sarah?)
(Sarah: No, I got nothing.)
(Alex: You had to remember where Napoleon was exiled, on the island of [*].)
(Sarah: Ah.)
(Alex: Less than a minute to go now. Pick again.)

St. Helena

Sarah
    $2000 13
the Kuiper Belt

Triple Stumper
    $2000 24
Kirk Cameron

Sarah
    $2000 17
(Alex: They're all graduates of [*] in Montreal, Quebec.)

McGill University

Triple Stumper
    $2000 28
[The end-of-round signal sounds.]

the naming of the animals

Sarah
    $2000 9
animatronic

Ted

Scores at the end of the Double Jeopardy! Round:

Buzzy Ted Sarah
$12,800 $7,200 $5,600

[wagering suggestions for these scores]

Final Jeopardy! Round responses

ADVERTISING ICONS
(Alex: [To Buzzy] For Frosted Flakes. Yes, indeed.)
SarahWho is ?
$5,600
TedWho is geoffrey the giraffe?
$6,000
BuzzyWho is Tony the Tiger?
$1,601
Tony the Tiger

Final scores:

Buzzy Ted Sarah
$14,401 $1,200 $0
8-day champion: $147,803 2nd place: $2,000 3rd place: $1,000

Game dynamics:

Coryat scores:

Buzzy Ted Sarah
$11,600 $10,200 $7,600
21 R
(including 1 DD),
3 W
16 R,
3 W
(including 1 DD)
10 R,
4 W
(including 1 DD)

Combined Coryat: $29,400

[game clues] [game scores] [suggest correction]

Game tape date: Unknown
The J! Archive is created by fans, for fans. Scraping, republication, monetization, and malicious use prohibited; this site may use cookies and collect identifying information. See terms. The Jeopardy! game show and all elements thereof, including but not limited to copyright and trademark thereto, are the property of Jeopardy Productions, Inc. and are protected under law. This website is not affiliated with, sponsored by, or operated by Jeopardy Productions, Inc. Join the discussion at JBoard.tv.